[Event "Aurec Cup"]
[Site "Aurec"]
[Date "2002.06.16"]
[Round "4"]
[White "Miannay, Michel"]
[Black "Lacour, Marc"]
[Result "0-1"]
[WhiteElo "1790"]
[BlackElo "1870"]
[PlyCount "56"]
[EventDate "2002.06.??"]
[EventType "team"]
[EventRounds "5"]
[EventCountry "FRA"]
[SourceTitle "EXT 2004"]
[Source "ChessBase"]
[SourceDate "2003.11.25"]
[SourceVersion "1"]
[SourceVersionDate "2003.11.25"]
[SourceQuality "1"]

1. e4 Nf6 2. e5 Nd5 3. d4 d6 4. f4 Bf5 5. a3 g6 6. c4 Nb6 7. Nc3 dxe5 8. fxe5 Nc6 9. Be3 Bg7 10. b4 Qd7 11. b5 Na5 12. c5 Nd5 13. Bd2 Nxc3 14. Bxc3 b6 15. Qa4 Qd5 16. Bxa5 bxa5 17. Nf3 0-0 18. Be2 Qe4 19. Kf2 Bh6 20. Rhe1 Be3+ 21. Kf1 Qf4 22. Red1 Be4 23. Qb3 Rad8 24. g3 Qh6 25. Kg2 Bxd4 26. e6 f6 27. Qc4 Bxf3+ 28. Bxf3 Bxa1 0-1

[Event "Aurec Cup"]
[Site "Aurec"]
[Date "2002.06.15"]
[Round "2"]
[White "Lacour, Marc"]
[Black "Baas, Laurent"]
[Result "0-1"]
[WhiteElo "1870"]
[BlackElo "1930"]
[PlyCount "131"]
[EventDate "2002.06.??"]
[EventType "team"]
[EventRounds "5"]
[EventCountry "FRA"]
[SourceTitle "EXT 2004"]
[Source "ChessBase"]
[SourceDate "2003.11.25"]
[SourceVersion "1"]
[SourceVersionDate "2003.11.25"]
[SourceQuality "1"]

1. e4 c5 2. f4 d5 3. exd5 Qxd5 4. Nc3 Qd8 5. Bc4 Nf6 6. d3 Bg4 7. Nf3 e6 8. 0-0 Be7 9. Qe1 Bxf3 10. Rxf3 Nc6 11. Ne2 0-0 12. c3 a6 13. Qf2 Na5 14. a3 Nxc4 15. dxc4 Qd1+ 16. Qf1 Rad8 17. Be3 Qxf1+ 18. Raxf1 Rd3 19. Bc1 Rxf3 20. Rxf3 Rd8 21. Rf1 Ne4 22. g3 Nd2 23. Rf2 Nxc4 24. Kg2 Nd2 25. Bxd2 Rxd2 26. Nc1 Rxf2+ 27. Kxf2 Kf8 28. Nd3 Bd6 29. c4 Ke7 30. a4 Kd7 31. Ke3 Kc6 32. Ke4 f6 33. b3 b5 34. f5 bxc4 35. bxc4 exf5+ 36. Kxf5 Kd7 37. g4 Ke7 38. h3 g6+ 39. Ke4 Ke6 40. Ne1 f5+ 41. gxf5+ gxf5+ 42. Kf3 Ke5 43. Nc2 Be7 44. Ne3 Bg5 45. Nd5 Kd4 46. Nc7 Kxc4 47. Nxa6 h6 48. Kg3 Bd2 49. Kf3 Kd4 50. Nc7 c4 51. Nb5+ Kc5 52. Ke2 Ba5 53. Kd1 f4 54. Ke2 Kb4 55. Nd6 c3 56. Kd1 Kxa4 57. Kc2 Kb4 58. Nf5 h5 59. Nd4 Kc4 60. Nf3 Bc7 61. Ng5 Be5 62. Nf3 Bd4 63. Ne1 Be3 64. Ng2 Kd4 65. Ne1 Bd2 66. Kd1 0-1

[Event "Aurec Cup"]
[Site "Aurec"]
[Date "2002.06.15"]
[Round "3"]
[White "Lacour, Marc"]
[Black "Dieudonne, Christian"]
[Result "1/2-1/2"]
[WhiteElo "1870"]
[BlackElo "2010"]
[PlyCount "121"]
[EventDate "2002.06.??"]
[EventType "team"]
[EventRounds "5"]
[EventCountry "FRA"]
[SourceTitle "EXT 2004"]
[Source "ChessBase"]
[SourceDate "2003.11.25"]
[SourceVersion "1"]
[SourceVersionDate "2003.11.25"]
[SourceQuality "1"]

1. e4 c5 2. Nf3 d6 3. Bc4 Nf6 4. d3 Bg4 5. Nbd2 e6 6. a3 Be7 7. c3 Nc6 8. Qc2 0-0 9. 0-0 h6 10. Ne1 Be2 11. f4 Bxf1 12. Nxf1 a6 13. Ng3 b5 14. Ba2 Qb6 15. Nf3 Rac8 16. h3 c4+ 17. d4 e5 18. Be3 Rfe8 19. Qf2 exd4 20. Nxd4 Qb7 21. Re1 Bd8 22. Nxc6 Qxc6 23. Bb1 Rb8 24. Qc2 Bb6 25. Bxb6 Qxb6+ 26. Kh1 Qc5 27. Nf5 Re6 28. Nd4 Ree8 29. g4 Rb7 30. Qg2 Rbb8 31. Nf5 a5 32. g5 Nh5 33. gxh6 g6 34. Qg4 Qf2 35. Rg1 Qxf4 36. Qxh5 Kh7 37. Qh4 Qxh4 38. Nxh4 Kxh6 39. Nf3 Rbc8 40. Rg5 Rb8 41. Rd5 Red8 42. Nd4 Rb6 43. Nxb5 Rdb8 44. a4 Rd8 45. Kg2 Kg7 46. Ba2 Re8 47. Kf3 Rh8 48. Kg4 Re8 49. Bb1 Re6 50. Bc2 Rf6 51. Rd2 Kf8 52. Kg3 Ke7 53. Rd4 Rc6 54. Bd1 Rf1 55. Be2 Rb1 56. Rd2 Kf6 57. Nxd6 Ke6 58. Nxc4 Rc5 59. Na3 Rc1 60. Nb5 Rg5+ 61. Bg4+ 1/2-1/2